000 00701nam a2200193Ia 4500
003 GCL
008 140319s9999 xx 000 0 ara d
040 _aGCL /
_cGCL
082 0 4 _a309.2
_bو ك
100 1 _aمركز البحوث والدراسات الكويتية
245 1 0 _aالكويت و التنمية الاجتماعية : قيادة و تخطيط و مشاركة شعبية و توجه انسانى /
_cمركز البحوث والدراسات الكويتية
300 _a243 ص
490 _a
650 0 4 _aالكويت
650 0 4 _aالتنمية الاجتماعية
650 0 4 _aالتخطيط الاجتماعى
650 0 4 _aالكويت - تاريخ
942 _2ddc
_cBK
999 _c41669
_d41669